3 Städte ein Land #2 - Statistiken

Allgemein
  • Dieses Quiz wurde 163 mal gespielt
  • Das Durchschnittsergebnis liegt bei 9 aus 16
Antwortstatistiken
Städte Land % Korrekt
Linz, Innsbruck, Graz Österreich
99%
Granada, Córdoba, Bilbao Spanien
96%
Toronto, Vancouver, Winnipeg Kanada
93%
Ōsaka, Sapporo, Fukuoka Japan
90%
Siglufjörður, Kirkjubæjarklaustur,Reykjanesbær Island
89%
Limerick, Waterford, Galway Irland
86%
Herning, Aalborg, Odense Dänemark
82%
Marrakesch, Fès,Oujda Marokko
79%
Lagos, Ibadan, Kano Nigeria
57%
Shkodra, Vlora, Korça Albanien
35%
Türkmenabat, Balkanabat, Mary Turkmenistan
33%
Liepāja, Wolmar, Rēzekne Lettland
22%
Temuco,Coyhaique, Antofagasta Chile
18%
Quetzaltenango, Huehuetenango, Flores Guatemala
18%
Borga, Maimansingh, Kumilla Bangladesch
17%
Dire Dawa, Nekemte, Gonder Äthiopien
9%
Keine übereinstimmenden Quizze gefunden
Verteilung der Resultate
Anzahl Personen mit jedem Resultat
Perzentil nach korrekt beantworteten Fragen
Ihre Resultats-Entwicklung
Sie haben dieses Quiz noch nicht gespielt